00691cam a2200193 a 450000100100000000500170001000800410002704000250006808200150009310000190010824500290012726000570015630000200021350501340023350400310036765000230039860000440042170000320046500000098220200929145446.0731010s1971 gw b 000 0bspa d aDO-SdBNPbspacBNPHU a838bM281b1 aBanuls, Andre.10aHeinrich Mann 1871/1971. aGermany :bInter Nationes Bonn Bad Godesberg,c1971. a29 p. ;c25 cm.0 aBanuls, A. Heinrich Mann, the Romantic.--Kantorowicz, A. Heinrich Mann as a champion of Franco-German understanding.--Chronology. aBibliografía : p. 28-29. 4aLiteratura alemana10aMANN, HEINRICHd1871-1950.xBIOGRAFÍA1 aKantorowicz, Alfred,d1899-